| 000 -CABECERA |
| campo de control de longitud fija |
01794nam a2200265 a 4500 |
| 001 - NÚMERO DE CONTROL |
| campo de control |
000081705 |
| 005 - FECHA Y HORA DE LA ÚLTIMA TRANSACCIÓN |
| campo de control |
20200120224618.0 |
| 008 - DATOS DE LONGITUD FIJA--INFORMACIÓN GENERAL |
| campo de control de longitud fija |
161124s2014 sp a|||gr|||| 000 ||spa d |
| 020 ## - NÚMERO INTERNACIONAL ESTÁNDAR DEL LIBRO |
| Número Internacional Estándar del Libro |
9788415685364 |
| 041 0# - CÓDIGO DE LENGUA |
| Código de lengua del texto/banda sonora o título independiente |
-¿spa |
| 043 ## - CÓDIGO DE ÁREA GEOGRÁFICA |
| Código de área geográfica |
ae-uk-en |
| 082 04 - NÚMERO DE LA CLASIFICACIÓN DECIMAL DEWEY |
| Número de edición |
21 |
| 090 ## - LOCALMENTE ASIGNADO TIPO-LC NÚMERO DE CLASIFICACIÓN (OCLC); NÚMERO DE CLASIFICACIÓN LOCAL (RLIN) |
| Número de clasificación (OCLC) (R) ; Numero de clasificación, CALL (RLIN) (NR) |
AH |
| Número cutter local (OCLC) ; Número de libro/Signatura topográfica íntegra, CALL (RLIN) |
ROCPs |
| 100 1# - ENTRADA PRINCIPAL--NOMBRE DE PERSONA |
| Nombre de persona |
Roca, Paco |
| 245 14 - MENCIÓN DE TÍTULO |
| Título |
Los Surcos del azar / |
| Mención de responsabilidad, etc. |
Paco Roca. |
| 250 ## - MENCIÓN DE EDICIÓN |
| Mención de edición |
1a. ed. |
| 260 ## - PUBLICACIÓN, DISTRIBUCIÓN, ETC. |
| Lugar de publicación, distribución, etc. |
Bilbao : |
| Nombre del editor, distribuidor, etc. |
Astiberri ediciones, |
| Fecha de publicación, distribución, etc. |
2014. |
| 300 ## - DESCRIPCIÓN FÍSICA |
| Extensión |
326 páginas : |
| Otras características físicas |
ilustraciones a color. |
| 490 #0 - MENCIÓN DE SERIE |
| Mención de serie |
Sillón Orejero |
| 520 1# - SUMARIO, ETC. |
| Sumario, etc. |
"A través de los recuerdos de Miguel Ruiz, republicano español exiliado en Francia, Paco Roca reconstruye la historia de La Nueve, una compañía a las órdenes del capitán Dronne integrada en la segunda división blindada del general Leclerc, y formada mayoritariamente por republicanos españoles. Una historia apasionante y olvidada sobre la contribución española en la Segunda Guerra Mundial. La mayoría de los hombres que componían La Nueve tenían menos de 20 años cuando en 1936 cogieron las armas por primera vez para defender la República española. Ninguno sabía entonces que los supervivientes ya no las abandonarían hasta ocho años después, y que en la noche del 24 de agosto de 1944 serían los primeros en entrar en París. Los carros de combate llevaban, en el morro, nombres sorprendentes: Madrid, Don Quichotte, Guadalajara, Ebro o Guernica. Los soldados se apellidaban Granell, Campos, Fábregas, Royo, Pujol... Ellos encabezarán el desfile de la victoria del día 26 por los Campos Elíseos. Sin embargo, no lograrán su máxima meta de ver España libre del franquismo." |
| 650 14 - PUNTO DE ACCESO ADICIONAL DE MATERIA--TÉRMINO DE MATERIA |
| Término de materia o nombre geográfico como elemento de entrada |
Guerra Mundial |
| Subdivisión general |
Novela gráfica española |
| Subdivisión cronológica |
1939-1945 |
| Fuente del encabezamiento o término |
LEMB |
| 650 24 - PUNTO DE ACCESO ADICIONAL DE MATERIA--TÉRMINO DE MATERIA |
| Término de materia o nombre geográfico como elemento de entrada |
Cómic español |
| 650 27 - PUNTO DE ACCESO ADICIONAL DE MATERIA--TÉRMINO DE MATERIA |
| Fuente del encabezamiento o término |
LEMB |
| 650 27 - PUNTO DE ACCESO ADICIONAL DE MATERIA--TÉRMINO DE MATERIA |
| Fuente del encabezamiento o término |
LEMB |